000 00946cam a2200229 4500
008 000000n1999 000 0 eng u
020 _a0117023310
035 _a(Sirsi) u103288
041 _aENG
050 _a692.8
110 _aProperty Advisers to the Civil Estate
_93610
245 _aGC/Works/9 (1999) Lump sum term contract for operation, maintenance and repair of mechanical and electrical plant equipment and installations: General conditions model forms and commentary.
260 _aLondon
_bHMSO
_c1999
300 _aiv, 69p. ; 30cm.
350 _a30.00
520 _aReplaces form C910 (1990) which is included in "Mechanical and electrical works and services standard forms of contract"
650 _aBUILT ENVIRONMENT-BUILDING CONTRACT FORMS-STANDARD FORMS OF BUILDING CONTRACT-GC/WORKS CONTRACTS
650 _aContracts
_96232
650 _aPACE
690 _aBUILT ENVIRONMENT-BUILDING CONTRACT FORMS
942 _n0
999 _c100115
_d100115